Statistics for All Dr. Dre Songs

Click here to take the quiz!

General Stats

  • This quiz has been taken 133 times
    (131 since last reset)
  • The average score is 20 of 67

Answer Stats

AlbumSong% Correct
2001Still D.R.E.
90%
2001The Next Episode
82%
2001Forgot About Dre
74%
The ChronicNuthin' but a 'G' Thang
63%
The ChronicF**k wit Dre Day (And Everybody's Celebratin')
56%
2001What's the Difference
54%
2001B***h N***az
52%
2001The Watcher
50%
2001Xxplosive
50%
The ChronicThe Chronic (Intro)
46%
Single #2I Need a Doctor
44%
2001F**k You
42%
2001The Message/Outro
41%
The ChronicLet Me Ride
39%
Deep Cover (Music from the Original Motion Picture Soundtrack)Deep Cover
37%
ComptonIntro
34%
Friday (Soundtrack)Keep Their Heads Ringin'
34%
2001Lolo (Intro)
34%
The ChronicB***hes Ain't Sh*t
33%
2001Pause 4 Porno (Skit)
33%
2001Ackrite
32%
The ChronicLil' Ghetto Boy
32%
2001Bang Bang
31%
The ChronicDeeez Nuuuts
30%
2001Housewife
29%
2001Let's Get High
29%
2001The Car Bomb (Skit)
29%
2001Murder Ink
28%
2001Light Speed
27%
2001Big Ego's
26%
ComptonMedicine Man
26%
2001Some L.A. N***az
26%
The ChronicThe $20 Sack Pyramid (Skit)
26%
The ChronicThe Day the N***az Took Over
26%
SingleKush
25%
The ChronicRat-Tat-Tat-Tat
25%
The ChronicStranded on Death Row
25%
The ChronicA N***a Witta Gun
24%
ComptonDeep Water
24%
ComptonTalking to My Diary
24%
The ChronicThe Roach (The Chronic Outro)
24%
The ChronicLyrical Gangbang
22%
2001Bar One (Skit)
21%
2001Ed-Ucation
21%
The ChronicHigh Powered
21%
The ChronicThe Doctor's Office (Skit)
21%
The Wash (Soundtrack)The Wash
19%
ComptonAnimals
17%
ComptonDarkside / Gone
17%
ComptonLoose Cannons
17%
ComptonAll in a Day's Work
16%
ComptonGenocide
16%
ComptonIt's All on Me
16%
ComptonJust Another Day
16%
ComptonTalk About It
16%
Dr. Dre Presents the AftermathBeen There, Done That
15%
ComptonFor the Love of Money
15%
ComptonIssues
15%
Murder Was the Case (Soundtrack)Natural Born Killaz
15%
ComptonOne Shot One Kill
15%
The Wash (Soundtrack)Bad Intentions
14%
ComptonSatisfaction
12%
Bulworth The SoundtrackZoom
11%
The Wash (Soundtrack)On the Boulevard
9%
Training Day: The SoundtrackPut It on Me
9%
Dr. Dre Presents the AftermathBlunt Time
8%
Dr. Dre Presents the AftermathGot Me Open
8%

Score Distribution

Percentile by Number Answered

Percent of People with Each Score

Your Score History

You have not taken this quiz since the last reset